000
00235nam a22000857a 4500
008
160713b xxu||||| |||| 00| 0 eng d
100
_9
2730
_a
Gorell, L
245
_a
Psychology the Study of Man's Mind
260
_a
London
_b
Odhams Press
_c
1949
999
_c
2371
_d
2371